000 00715cam a2200181 a 4500
999 _c5090
_d5090
020 _a9780136009955
020 _a0136009956
050 0 0 _aHQ1075
_b.H45
100 1 _aHelgeson, Vicki S.
245 1 4 _aThe psychology of gender /
_cVicki S. Helgeson.
250 _a3rd ed.
260 _aUpper Saddle River, N.J. :
_bPearson/Prentice Hall,
_cc2009.
300 _axxi, 698 p. :
_bill. ;
_c24 cm.
505 _aIntroduction, Methods and History of gender,Gender role attitudes,sex related comparisons:observation, sex related comparisons: theory,Achievement, communication, Friendship, Romantic relationships, Sex differences in health
650 0 _aSex role.
650 0 _aSex differences (Psychology)
942 _cBK